LEADER 00936cam0-2200337---450- 001 990005682770403321 005 20090615103309.0 010 $a0-19-811942-9 035 $a000568277 035 $aFED01000568277 035 $a(Aleph)000568277FED01 035 $a000568277 100 $a19990604d1982----km-y0itay50------ba 101 0 $aeng 102 $aGB 105 $ay-------001yy 200 1 $aOld english grammar$fby Joseph Wright and Elizabeth Mary Wright 205 $a3. ed. 210 $aOxford$cOxford University press$d1982 215 $aXV, 372 p.$d19 cm 610 0 $aAntico inglese$aGrammatica 676 $a429.5 700 1$aWright,$bJoseph$f<1855-1930>$0165038 701 1$aWright,$bElizabeth Mary$0195624 801 0$aIT$bUNINA$gRICA$2UNIMARC 901 $aBK 912 $a990005682770403321 952 $a429.5 WRI 1 A$fFLFBC 959 $aFLFBC 996 $aOld english grammar$9602365 997 $aUNINA LEADER 01089cam--2200337---450 001 990000675850203316 005 20210215114007.0 035 $a0067585 035 $aUSA010067585 035 $a(ALEPH)000067585USA01 035 $a0067585 100 $a20011015d1979----km-y0itay5003----ba 101 0 $aita 102 $aIT 105 $ay|||||||001yy 200 1 $aGabriele Quattromani e un suo inedito diario politico del 1848 napoletano$f[a cura di] Alfredo Zazo 210 $aNapoli$cEdizioni Dehoniane$d1979 215 $a111 p.$d24 cm 225 2 $aDocumenti studi e sussidi$v3 410 0$12001$aDocumenti studi e sussidi$v3 607 $aItalia meridionale$z1848$xDiari$xOpere anteriori al 1900$2BNCF 676 $a945.70833092 700 1$aQUATTROMANI,$bGabriele$0316080 702 1$aZAZO,$bAlfredo 801 0$aIT$bsalbc$gISBD 912 $a990000675850203316 951 $aX.3.A. 444(C 9 3 86)$b7018 CSSM$cX.3.$d393974 959 $aBK 969 $aUMA 996 $aGabriele Quattromani e un suo inedito diario politico del 1848 napoletano$91478113 997 $aUNISA